| 000 | 00517nam a2200193Ia 4500 | ||
|---|---|---|---|
| 001 | 22714 | ||
| 003 | GE_BSU | ||
| 008 | 181216s||||||||xx |||||||||||||| ||und|| | ||
| 040 | _cGE_BSU | ||
| 245 | _aგადასახადები #12. 2018 | ||
| 260 | _aთბილისი | ||
| 260 | _c2018 | ||
| 300 | _acd | ||
| 300 | _b700 MB, 52 X,80min | ||
| 653 | _acd | ||
| 653 | _aგადასახადები #12. 2018 | ||
| 653 | _aელექტრონული ჟურნალი | ||
| 942 | _cCF | ||
| 999 |
_c55619 _d55619 |
||